|
|
|
|
| LEADER |
00000nam0a2200000 4500 |
| 001 |
107185 |
| 005 |
20231031115209.0 |
| 010 |
|
|
|a 5922106260
|
| 035 |
|
|
|a (RuTPU)RU\TPU\book\115727
|
| 090 |
|
|
|a 107185
|
| 100 |
|
|
|a 20061220d2005 m y0rusy50 ca
|
| 101 |
0 |
|
|a rus
|
| 102 |
|
|
|a RU
|
| 105 |
|
|
|a y j 001zy
|
| 200 |
1 |
|
|a Теория вероятностей и математическая статистика. Базовый курс с примерами и задачами
|e учебное пособие
|f А. И. Кибзун, Е. Р. Горяинова, А. В. Наумов
|
| 205 |
|
|
|a 2-е изд., перераб. и доп.
|
| 210 |
|
|
|a Москва
|c Физматлит
|d 2005
|
| 215 |
|
|
|a 232 с.
|
| 320 |
|
|
|a Библиогр.: с. 228.
|
| 320 |
|
|
|a Предметный указатель: с. 229-231.
|
| 330 |
|
|
|a Книга предназначена для начального ознакомления с основами теории вероятностей и математической статистики и развития навыков решения практических задач. Основное внимание уделяется краткости изложения полного курса «Теории вероятностей и математической статистики», состоящего из теоретического и практического материала. Структура изложения максимально приближена к лекционным и практическим занятиям. Пособие может одновременно играть роль учебника, задачника и справочника. Для преподавателей ВУЗов, инженеров и студентов технических и экономических специальностей.
|
| 610 |
1 |
|
|a теория вероятностей
|
| 610 |
1 |
|
|a математическая статистика
|
| 610 |
1 |
|
|a учебные пособия
|
| 610 |
1 |
|
|a примеры
|
| 610 |
1 |
|
|a задачи
|
| 610 |
1 |
|
|a случайные события
|
| 610 |
1 |
|
|a случайные величины
|
| 610 |
1 |
|
|a случайные векторы
|
| 610 |
1 |
|
|a случайные последовательности
|
| 610 |
1 |
|
|a выборочные характеристики
|
| 610 |
1 |
|
|a распределения
|
| 610 |
1 |
|
|a точечные оценки
|
| 610 |
1 |
|
|a интервальные оценки
|
| 610 |
1 |
|
|a статистические гипотезы
|
| 610 |
1 |
|
|a проверка
|
| 610 |
1 |
|
|a регрессивный анализ
|
| 675 |
|
|
|a 519.2(075.8)
|v 3
|
| 700 |
|
1 |
|a Кибзун
|b А. И.
|g Андрей Иванович
|
| 701 |
|
1 |
|a Горяинова
|b Е. Р.
|g Елена Рудольфовна
|
| 701 |
|
1 |
|a Наумов
|b А. В.
|g Андрей Викторович
|
| 702 |
|
1 |
|a Кибзун
|b А. И.
|4 340
|
| 801 |
|
1 |
|a RU
|b 63413507
|c 20061220
|g PSBO
|
| 801 |
|
2 |
|a RU
|b 63413507
|c 20120411
|g PSBO
|
| 900 |
|
|
|a Теория вероятности и математическая статистика
|
| 942 |
|
|
|c BK
|
| 951 |
|
|
|a 550000
|
| 959 |
|
|
|a 104/20061204
|d 1
|e 0
|f ЧЗТЛ:1
|